000 00444nam a2200169Ia 4500
005 20250423101356.0
008 250422s9999 xx 000 0 und d
020 _a9780199574193
050 _aPN 2035 .O94/
245 4 _aThe Oxford companion to theatre and performance
260 _aNew York
260 _bOxford
260 _c2008
300 _a689 p
650 _aTheater--Encyclopedias. Performing arts--Encyclopedias.
942 _cBK
999 _c36124
_d36124